Principles of marketing / (Record no. 41652)
[ view plain ]
| 000 -LEADER | |
|---|---|
| fixed length control field | 00754nam a22002177a 4500 |
| 005 - DATE AND TIME OF LATEST TRANSACTION | |
| control field | 20100813143424.0 |
| 010 ## - LCCN (DPL NO) | |
| LC control number | ENG-100339 |
| 020 ## - INTERNATIONAL STANDARD BOOK NUMBER | |
| International Standard Book Number | 9788177356274 |
| Terms of availability | 150.00 |
| 020 ## - INTERNATIONAL STANDARD BOOK NUMBER | |
| International Standard Book Number | 8177356275 |
| Terms of availability | 150.00 |
| 035 ## - SYSTEM CONTROL NUMBER | |
| System control number | EN-83871 |
| 037 ## - SOURCE OF ACQUISITION | |
| Source of stock number/acquisition | DBAD/PUB |
| 082 ## - DEWEY DECIMAL CLASSIFICATION NUMBER | |
| Classification number | 658.8 |
| 100 ## - MAIN ENTRY--PERSONAL NAME | |
| Personal name | Amarjothi, P. |
| 245 ## - TITLE STATEMENT | |
| Title | Principles of marketing / |
| Statement of responsibility, etc | by P. Amarjothi |
| 260 ## - PUBLICATION, DISTRIBUTION, ETC. (IMPRINT) | |
| Place of publication, distribution, etc | Chennai |
| Name of publisher, distributor, etc | Pavai Publication |
| Date of publication, distribution, etc | 2008 |
| 270 ## - ADDRESS | |
| Address | 142, Johny John Khan Salai, Royappettah |
| City | Chennai |
| Postal code | 600014 |
| 300 ## - PHYSICAL DESCRIPTION | |
| Extent | 272p. |
| Dimensions | 20cm (pbk) |
| 650 ## - SUBJECT ADDED ENTRY--TOPICAL TERM | |
| Topical term or geographic name as entry element | Marketing management |
| 942 ## - ADDED ENTRY ELEMENTS (KOHA) | |
| Source of classification or shelving scheme | Dewey Decimal Classification |
| Item type | English Books |
| Classification part | 658.8 |
| Call number suffix | AMA |
| Withdrawn status | Lost status | Not for loan | Collection code | Home library | Current library | Date acquired | Source of acquisition | Cost, normal purchase price | Full call number | Barcode | Copy number | Cost, replacement price | Koha item type |
|---|---|---|---|---|---|---|---|---|---|---|---|---|---|
| Not For Loan | Non-fiction | D.B.Act.Division | D.B.Act.Division | 13/08/2010 | DBAD/PUB | 150.00 | 658.8 AMA | EN-83871 | 1 | 150.00 | English Books |
